Normal view
MARC view
Entry Personal Name
001 - CONTROL NUMBER
- control field: 14873
003 - CONTROL NUMBER IDENTIFIER
- control field: ARRUPE
005 - DATE AND TIME OF LATEST TRANSACTION
- control field: 20150205110410.0
008 - FIXED-LENGTH DATA ELEMENTS
- fixed length control field: 150205|| aca||aabn | a|a d
040 ## - CATALOGING SOURCE
- Original cataloging agency: ARRUPE
- Transcribing agency: ARRUPE
100 ## - HEADING--PERSONAL NAME
- Personal name: Bracken, Joseph A
- Titles and other words associated with a name: SJ
670 ## - SOURCE DATA FOUND
- Source citation: Work cat.: (ARRUPE)121881: Sears, Robert T. 14595, Self-Emptying love in a global context :, 2006